00505nam a22001697a 450000500170000001000150001702000270003203500130005903700130007208200130008510000240009824500660012226000420018827000550023030000310028550000190031620130508111912.0 aENG-106998 a9788170006619c1150.00 aEN-90531 bDBAD/PUB a303.4833 aMukherjee, Bhaskar  aInformation,communication and society /cby Bhaskar Mukherjee aNew DelhibESS ESS Publicationsc2012 a4837/24, Ansari Road, DaryaganjbNew Delhie110002 axvi,714p.:bill.c23cm(Hb) aIncludes index